000 00343nam a2200145Ia 4500
005 20240604021456.0
008 240331s9999 xx 000 0 und d
082 _bGIR
_a362
100 _aRidder,G. ed
245 0 _aGirls fight back
260 _aNew Delhi
_bJagori Women's Centre
_c2003
300 _a47 p.,
650 _aFeminism
942 _cL
999 _c2912
_d2912